|
|
|
|
| LEADER |
00000cam a2200000 7i4500 |
| 001 |
0000020215 |
| 005 |
20071026.0 |
| 040 |
|
|
|a INS
|
| 090 |
0 |
0 |
|a AVO87
|
| 110 |
1 |
|
|a Kursus penilaian harta tanah pertanian moden
|k 2007 2 - 5 April
|c Hotel Equatorial, Cameron Highland
|
| 245 |
0 |
0 |
|a Kursus penilaian harta tanah pertanian moden :
|b 2 - 5 April 2007
|c Anjuran Pusat Penilaian dan Perkhidmatan Harta INSPEN
|
| 260 |
|
|
|a Bangi :
|b Institut Penilaian Negara ,
|c 2007
|
| 300 |
|
|
|a 1 v. (Mukasurat pelbagai ) :
|b ill., pic., map. ;
|c 30 cm.
|
| 650 |
0 |
0 |
|a Agricultural productivity
|z Malaysia
|
| 650 |
0 |
0 |
|a Land use
|x Valuation
|z Malaysia
|
| 710 |
1 |
|
|a INSPEN (Institut Penilaian Negara )
|
| 856 |
|
|
|u http://app.inspen.gov.my:7779/pls/portal/docs/PAGE/CORPORATEPAGES/PORTAL_INSPEN/NOTA_KURSUS/AVO/Y)%20KURSUS%20PENILAIAN%20HARTA%20TANAH%20PERTANIAN%20MODEN.PDF
|
| 999 |
|
|
|a AVO0000142
|b BOOK
|c Course Notes
|e Default branch
|
| 999 |
|
|
|a AVO0000143
|b BOOK
|c Course Notes
|e Default branch
|
| 999 |
|
|
|a AVO0000169
|b BOOK
|c Course Notes
|e Default branch
|